000 01346nam0a2200325 4500
001 RU\NLR\bibl\1366955
005 20260405194640.0
010 _a978-5-98355-054-4
_92000
035 _a(nilc)RSL-KNO-004406099
035 _a(NLR Aleph) 001359108
090 _a969788
_c969788
100 _a20091106d2008 |||y0rusy50 ca
101 0 _arus
102 _aRU
105 _aa |||||||||
200 1 _aСозидатель: очерк жизни и творчества К.Л. Мюфке
_fЗ. И. Бичанина
210 _aМосква
_cМеждународный союз немецкой культуры
_cМСНК-пресс
_d2008
215 _a110, [1] с.
_cил., портр.
_d22
320 _aБиблиогр. в подстроч. примеч.
600 1 _aМюфке
_bК.Л.
_f1868 - 1933
_gКарл Людвигович
_92587782
_3RU\NLR\auth\661529443
686 _aН0(2Р=Р)5-8Мюфке К.Л.1,0
_2rubbk
686 _aЩ113(2Р=Рус)53-8Мюфке
700 1 _aБичанина
_bЗ. И.
_gЗинаида Ивановна
_4070
702 1 _4570
_7ca
_8rus
_aМюфке
_bК. Л.
_f1868-1933
_gКарл Людвигович
_969297
_3RU\NLR\auth\7786369
801 0 _aRU
_bРГБ
_c20091106
_grcr
801 1 _aRU
_bРГБ
_c20091106
_grcr
801 2 _aRU
_bNLR
_c20090507
_grcr
942 _cBOOK
980 _aNB